AFL Every teams best Players 2025 - Statistics

General Stats
  • This quiz has been taken 8 times
  • The average score is 45 of 54
Answer Stats
Club Player % Correct
Fremantle Andrew Brayshaw
100%
Fremantle Caleb Serong
100%
Port Adelaide Connor Rozee
100%
North Melbourne Harry Sheezel
100%
Brisbane Hugh McCluggage
100%
Hawthorn Jai Newcombe
100%
Adelaide Jordan Dawson
100%
Collingwood Josh Daicos
100%
Adelaide Josh Worrell
100%
Melbourne Kysaiah Pickett
100%
Brisbane Lachie Neale
100%
Western Bulldogs Marcus Bontempelli
100%
Gold Coast Matt Rowell
100%
Melbourne Max Gawn
100%
Collingwood Nick Daicos
100%
Gold Coast Noah Anderson
100%
Carlton Patrick Cripps
100%
Adelaide Riley Thilthorpe
100%
GWS Tom Green
100%
Brisbane Will Ashcroft
100%
Essendon Zach Merrett
100%
Port Adelaide Zak Butters
100%
Western Bulldogs Aaron Naughton
80%
Geelong Bailey Smith
80%
Gold Coast Ben King
80%
Sydney Chad Warner
80%
Melbourne Christian Petracca
80%
Essendon Darcy Parish
80%
Hawthorn Dylan Moore
80%
Sydney Errol Gulden
80%
GWS Finn Callaghan
80%
Sydney Isaac Heeney
80%
Hawthorn Jack Gunston
80%
West Coast Jake Waterman
80%
Port Adelaide Jason Horne-Francis
80%
Geelong Jeremy Cameron
80%
GWS Lachie Whitfield
80%
Geelong Max Holmes
80%
St Kilda Nasiah Wanganeen-Milera
80%
Richmond Nick Vlastuin
80%
Richmond Tim Taranto
80%
Richmond Toby Nankervis
80%
Western Bulldogs Tom Liberatore
80%
North Melbourne Tristian Xerri
80%
St Kilda Callum Wilkie
60%
Collingwood Dan Houston
60%
Carlton Harry McKay
60%
Carlton Jacob Weitering
60%
West Coast Liam Ryan
60%
North Melbourne Luke Davies-Uniacke
60%
Fremantle Luke Ryan
60%
St Kilda Jack Macrae
40%
West Coast Liam Baker
40%
Essendon Nic Martin
40%
No matching quizzes found
Score Distribution
Percent of People with Each Score
Percentile by Number Answered
Your Score History
You have not taken this quiz